000 01070nam a22003137a 4500
003 DO-SdBPM
005 20250203115301.0
007 ta
008 211108b2014 mx | 00| 0 spa d
020 _a9789681645243
040 _aDO-SdBPM
_bspa
_cBPMSU
082 4 _a372.972
_bE74c 2014
_222
245 0 3 _aLa escuela cotidiana /
_ccoordinadora Elsie Rockwell ; Citlali Aguilar ... [et al.].
_b
260 _aMéxico D.F :
_bFondo de Cultura Económica,
_c2014
_b
300 _aa238 p. ;
_c21 cm.
490 0 _aSección de obras de educación y pedagogía
500 _a
500 _aIncluye referencias bibliográficas y notas al pie de las páginas.
504 _aIncluye bibliografía.
590 _aInventariado, 2025 /VM
650 4 _aEducación primaria
_zMéxico.
650 4 _aComunidad y escuela
_zMéxico.
650 4 _aEducación
_xInvestigaciones.
700 1 _aRockwell, Elsie.
_ecoord.
700 1 _aAguilar, Citlali.
_e
710 2 _aFondo de Cultura Económica
910 _aVMateo V. Control de calidad. BPMSU
942 _2ddc
_cBK
999 _c14928
_d14928